| 000 | 00485cam a2200193ua 4500 | ||
|---|---|---|---|
| 001 | 1077 | ||
| 005 | 20260515113255.0 | ||
| 008 | 110427n ii |||gr||||Z||||||eng | ||
| 020 | _a81-237-3531-6 | ||
| 040 | _cMAIN | ||
| 082 | _a323.4 | ||
| 245 | 1 | _aManab adhikar. | |
| 250 |
_a1st. / _bEdited by Arjun Dev & Supta das. |
||
| 260 |
_aNew Delhi.: _bNatioaal book trust., _c2001. |
||
| 300 |
_a233 p.: _c25 cm. |
||
| 653 | _aPolitical science. | ||
| 653 | _aManab adhikar. | ||
| 942 | _cBK | ||
| 999 |
_c993 _d993 |
||